Datum a čas kvízu
20
Celkem bodů
Celkový počet nahraných bodů na tomto kvízu bez doplňovacích otázek.
6.
Pořadí na kvízu
Konečné umístění týmu na tomto kvízu.
Zaznamenané odpovědi
| # | Otázka | Odpověď | Body | Výsledky |
|---|---|---|---|---|
| 1. | Andrej Babiš byl dle očekávání... | jeden | 0 | |
| 2. | Po skandálu s udělením milosti... | Maďarsko | 1 | |
| 3. | V přepočtu asi 40 milionů koru... | The Beatles | 1 | |
| 4. | Firma Google minulý týden přej... | Gemini | 0 | |
| 5. | V noci z neděle na pondělí se... | Kansas City (Chiefs), San Francisco (49ers) | 0 | |
| 6. | Vítězné téma facebookového hla... | 1B 2D 3A 4C | 1 | |
| 7. | Dne 18. dubna 1997 byli odsouz... | Orličtí vrazi | 0 | |
| 8. | Devadesátkovou klasikou je fil... | Fuck Off Guys Good Day | 0 | |
| 9. | Kolik tlačítek má na své předn... | tři | 0 | |
| 10. | Ke které obci se v souvislosti... | Drnovice | 0 |